000 00420cam a22001217a 4500
008 180718b1958 xxu||||| |||| 00| 0 eng d
082 _aK232x42 A127
100 _aAlexander, W.P.
245 _aTeacher's saleries: special allowances for teachers: an analysis of the 1956 Burnham report
_cby W.P. Alexander
260 _aLondon
_bCouncils and Education Press
_c1958
300 _a41p.
650 _aSalaries - Teachers - U.K.
999 _c357406
_d357406